| 000 -LEADER |
| fixed length control field |
01393cam a2200409 a 4500 |
| 001 - CONTROL NUMBER |
| control field |
00236447 |
| 003 - CONTROL NUMBER IDENTIFIER |
| control field |
OCoLC |
| 005 - DATE AND TIME OF LATEST TRANSACTION |
| control field |
20191227081805.0 |
| 008 - FIXED-LENGTH DATA ELEMENTS--GENERAL INFORMATION |
| fixed length control field |
120707r20102009nyuab c 000 f eng d |
| 010 ## - LIBRARY OF CONGRESS CONTROL NUMBER |
| LC control number |
2009020616 |
| 020 ## - INTERNATIONAL STANDARD BOOK NUMBER |
| International Standard Book Number |
9780060728427 (trade pbk.) |
| 020 ## - INTERNATIONAL STANDARD BOOK NUMBER |
| International Standard Book Number |
0060728426 (trade pbk.) |
| 035 ## - SYSTEM CONTROL NUMBER |
| System control number |
ocn664334973 |
| 035 ## - SYSTEM CONTROL NUMBER |
| System control number |
(OCoLC)664334973 |
| 040 ## - CATALOGING SOURCE |
| Original cataloging agency |
KCK |
| Transcribing agency |
KCK |
| Modifying agency |
KYB |
| -- |
CVA |
| -- |
JAO |
| -- |
BDX |
| 042 ## - AUTHENTICATION CODE |
| Authentication code |
nbic |
| 049 ## - LOCAL HOLDINGS (OCLC) |
| Holding library |
C5MA |
| 082 ## - DEWEY DECIMAL CLASSIFICATION NUMBER |
| Classification number |
FIC PAV |
| 100 1# - MAIN ENTRY--PERSONAL NAME |
| Personal name |
Paver, Michelle. |
| Relator term |
author |
| 245 10 - TITLE STATEMENT |
| Title |
Ghost hunter / |
| Statement of responsibility, etc. |
Michelle Paver. |
| 246 3# - VARYING FORM OF TITLE |
| Title proper/short title |
Ghosthunter. |
| 250 ## - EDITION STATEMENT |
| Edition statement |
1st U.S. ed. |
| 260 ## - PUBLICATION, DISTRIBUTION, ETC. |
| Place of publication, distribution, etc. |
New York : |
| Name of publisher, distributor, etc. |
Katherine Tegen Books, |
| Date of publication, distribution, etc. |
[2010] |
| 300 ## - PHYSICAL DESCRIPTION |
| Extent |
285 p. : |
| Other physical details |
ill., maps ; |
| Dimensions |
22 cm. |
| 440 ## - SERIES STATEMENT/ADDED ENTRY--TITLE |
| Title |
Chronicles of ancient darkness ; |
| Number of part/section of a work |
bk. 6. |
| 500 ## - GENERAL NOTE |
| General note |
Originally published: Great Britain : Orion Children's Books, 2009. |
| 520 ## - SUMMARY, ETC. |
| Summary, etc. |
To fulfill his destiny, Torak must defy demons and tokoroths, navigate through the Gorge of the Hidden People, and battle the evil Eagle Owl Mage. |
| 650 #0 - SUBJECT ADDED ENTRY--TOPICAL TERM |
| Topical term or geographic name entry element |
Prehistoric peoples |
| Form subdivision |
Fiction. |
| 650 #0 - SUBJECT ADDED ENTRY--TOPICAL TERM |
| Topical term or geographic name entry element |
Demoniac possession |
| Form subdivision |
Fiction. |
| 650 #0 - SUBJECT ADDED ENTRY--TOPICAL TERM |
| Topical term or geographic name entry element |
Human-animal communication |
| Form subdivision |
Fiction. |
| 650 #1 - SUBJECT ADDED ENTRY--TOPICAL TERM |
| Topical term or geographic name entry element |
Demoniac possession |
| Form subdivision |
Fiction. |
| 650 #1 - SUBJECT ADDED ENTRY--TOPICAL TERM |
| Topical term or geographic name entry element |
Fantasy. |
| 650 #1 - SUBJECT ADDED ENTRY--TOPICAL TERM |
| Topical term or geographic name entry element |
Human-animal communication |
| Form subdivision |
Fiction. |
| 650 #1 - SUBJECT ADDED ENTRY--TOPICAL TERM |
| Topical term or geographic name entry element |
Prehistoric peoples |
| Form subdivision |
Fiction. |
| 655 #7 - INDEX TERM--GENRE/FORM |
| Genre/form data or focus term |
Fantasy fiction. |
| Source of term |
gsafd. |
| 942 ## - ADDED ENTRY ELEMENTS (KOHA) |
| Source of classification or shelving scheme |
|
| Koha item type |
Books - Fiction |